Alle Fußballvereine aus Sachsen in den Top 4 Ligen - Statistiken

Allgemein
  • Dieses Quiz wurde 47 mal gespielt
  • Das Durchschnittsergebnis liegt bei 5 aus 7
Antwortstatistiken
Liga Verein % Korrekt
2. Bundesliga Dynamo Dresden
98%
3. Liga Erzgebirge Aue
96%
Regionalliga Nordost BSG Chemie Leipzig
82%
Regionalliga Nordost 1. FC Lok Leipzig
78%
Regionalliga Nordost Chemnitzer FC
78%
Regionalliga Nordost FSV Zwickau
73%
Regionalliga Nordost FC Eilenburg
22%
Keine übereinstimmenden Quizze gefunden
Verteilung der Resultate
Anzahl Personen mit jedem Resultat
Perzentil nach korrekt beantworteten Fragen
Ihre Resultats-Entwicklung
Sie haben dieses Quiz noch nicht gespielt